Managing from the heart : (Record no. 20614)

MARC details
000 -LEADER
fixed length control field 00577nam a22001937a 4500
003 - CONTROL NUMBER IDENTIFIER
control field OSt
008 - FIXED-LENGTH DATA ELEMENTS--GENERAL INFORMATION
fixed length control field 240709b1999 |||||||| |||| 00| 0 eng d
020 ## - INTERNATIONAL STANDARD BOOK NUMBER
International Standard Book Number 0761993045
082 ## - DEWEY DECIMAL CLASSIFICATION NUMBER
Classification number 158.7
Item number WAK-M
100 ## - MAIN ENTRY--PERSONAL NAME
Personal name Wakhlu, Arun
245 ## - TITLE STATEMENT
Title Managing from the heart :
Remainder of title unfolding spirit in people and organizations /
Statement of responsibility, etc Arun Wakhlu.
260 ## - PUBLICATION, DISTRIBUTION, ETC. (IMPRINT)
Place of publication, distribution, etc New Delhi :
Name of publisher, distributor, etc Response Books,
Date of publication, distribution, etc 1999.
300 ## - PHYSICAL DESCRIPTION
Extent / Pages 239 p. ;
650 ## - SUBJECT ADDED ENTRY--TOPICAL TERM
Topical term or geographic name as entry element Organizational behavior
650 ## - SUBJECT ADDED ENTRY--TOPICAL TERM
Topical term or geographic name as entry element Psychology, industrial.
650 ## - SUBJECT ADDED ENTRY--TOPICAL TERM
Topical term or geographic name as entry element Work -Psychological aspects.
650 ## - SUBJECT ADDED ENTRY--TOPICAL TERM
Topical term or geographic name as entry element Quality of work life.
942 ## - ADDED ENTRY ELEMENTS (KOHA)
Source of classification or shelving scheme
Koha item type Books
Holdings
Withdrawn status Lost status Source of classification or shelving scheme Damaged status Not for loan Home library Current library Date acquired Currency Cost, normal purchase price Total Checkouts Full call number Barcode Date last seen Copy number Bill Date Koha item type
          SOBD Library SOBD Library 09/07/2024 INR 245.00   158.7 WAK-M1 SD2155 09/07/2024 1 09/07/2024 Books
Hosted, Implemented, Customized & Maintained by: BestBookBuddies

Powered by Koha